LEADER 01566nam a2200349 a 4500 001 000000128174 003 CaOOAMICUS 005 20120323115039.0 008 120323s2011 it d u000 u ita r 020 $a978-88-217-3685-8 040 $aPUL$bita 082 04$a344.4501 100 1 $aRausei, Pierluigi.$0(OLS)http://pul/name/79533 245 10$aIlleciti e sanzioni :$bil diritto sanzionatorio del lavoro /$cPierluigi Rausei. 250 $a5. ed. 260 $aMilano :$bIpsoa ;$a[s. l.] :$bIndicitalia ;$aMilanofiori Assago :$bWolters Kluwer,$cİ2011. 300 $aXVII, 1228 p. :$bgrafici ;$c24 cm 490 1 $aLavoro&Ispezioni ;$v01 500 $aSulla cop.: Disponibile anche in ebook. 504 $aBibliografia in nota. 650 4$aDiritto del lavoro$zItalia.$0(OLS)http://pul/subject/2593 830 0$aLavoro&Ispezioni ;$v01.$0(OLS)http://pul/title/161960 850 $aPUL 852 $aPUL$W1$xSL Diritto e Scienze Sociali 3$y79$m344. 4501 RAUPI 1$j148360$qDDC 21$B146954$CPULBib$Z2$F146954 $H119202 $82 941 1 $a9 996 $6020$a978-88-217-3685-8$9(OLS)http://pul/number/149301 996 $6082$a344.4501$9(OLS)http://pul/classification/1851 996 $6245$aIlleciti e sanzioni :$bil diritto sanzionatorio del lavoro$9(OLS)http://pul/title/161959 996 $6260$aMilano :$bIpsoa$9(OLS)http://pul/publisher/67046 996 $6260$a[s. l.] :$bIndicitalia$9(OLS)http://pul/publisher/81933 996 $6260$aMilanofiori Assago :$bWolters Kluwer$9(OLS)http://pul/publisher/81463 LEADER 01347nam a2200349 a 4500 001 000000175955 003 CaOOAMICUS 005 20230623122741.0 008 230621s2021 it u000 u ita r 020 $a978-88-394-0969-0* 032 $aLibriCat 040 $aPUL$bita 041 1 $aita$heng 082 04$a222.12 100 1 $aDozeman, Thomas B.$0(OLS)http://pul/name/52265 240 10$aCommentary on Exodus.$lItaliano.$0(OLS)http://pul/title/217441 245 10$aEsodo /$cThomas B. Dozeman. 260 $aTorino :$bPaideia,$cİ2021. 300 $a891 pagine ;$c22 cm 490 1 $aCommentario Paideia.$aAntico Testamento ;$v2 500 $aInclude indici. 504 $aBibliografia in nota. 630 04$aBiblia.$pV.T.$pExodus$xCommenti.$0(OLS)http://pul/subject/635 830 0$aCommentario Paideia.$pAntico Testamento ;$v2.$0(OLS)http://pul/title/217442 850 $aPUL 852 $aPUL$W1$xSL Religione 3$y85$m222. 12 DOZTH 1$j200123$qDDC 21$B204902$CPULBib$Z2$F204902 $H136354 $82 941 1 $a9 996 $6020$a978-88-394-0969-0*$9(OLS)http://pul/number/169195 996 $6082$a222.12$9(OLS)http://pul/classification/3414 996 $6245$aEsodo$9(OLS)http://pul/title/42010 996 $6260$aTorino :$bPaideia$9(OLS)http://pul/publisher/87158